| 000 | 00349cam a2200145ua 4500 | ||
|---|---|---|---|
| 003 | OSt | ||
| 008 | 240213b |||||||| |||| 00| 0 eng d | ||
| 041 | _amal | ||
| 082 |
_a923.2 _bKER/MA |
||
| 100 |
_aKarthiayanikutty Amma, N P . _95830 |
||
| 245 | _aMahatmaji / | ||
| 260 |
_aThrissur : _bSaraswathi Press , _c1948. |
||
| 300 | _a120. | ||
| 942 | _cBK | ||
| 999 |
_c6138 _d6138 |
||